• 首页
  • 本馆介绍
  • 公告通知
  • 最新文献
  • 馆藏检索
  • 电子资源
  • 读者导购
  • 参考咨询
  • 我的图书馆
  • 登录
  • 详细信息显示
  • 放入我的书架
  • 预约/预借图书
  • 作者相关作品
  • 分类相关作品
  • 丛书相关作品
  • 出版社相关作品

书目信息

  • 表格格式
  • 工作单格式
  • 卡片格式
题名:
伟大的无产阶级革命导师马克思和恩格斯
    
 
作者: 乌兰汉 编文 ;高莽 绘
分册:  
出版信息: 北京   人民美术出版社  1978
页数: 57页
开本: 20cm
丛书名:
单 册:
中图分类: A712
科图分类:
主题词:
电子资源:
ISBN:
000 00729nam0 2200241 45
001 0178002867
005 20060819111400.60
010    @dCNY1.60
091    @aCN@b8027.6829
100    @a19950713d1978 em y0chiy0121 ea
101 0  @achi
102    @aCN@b110000
105    @aa z 000yb
200 10 @a伟大的无产阶级革命导师马克思和恩格斯@Awei da de wu chan jie ji ge ming dao shi ma ke si he en ge si@e组画@f乌兰汗编文@g高莽绘
210    @a北京@c人民美术出版社@d1978
215    @a57页@d20cm
600  1 @a恩格斯@bF.@x生平事迹@x画册
600  1 @a马克思@bK.@x生平事迹@x画册
690    @aA712@v3
701  0 @a乌兰汉@Awu lan han@4编文
702  0 @a高莽@Agao mang@4绘
801  0 @aCN@bTSSF@c20060819
905    @a10447@dA712@e152
    
    伟大的无产阶级革命导师马克思和恩格斯:组画/乌兰汗编文/高莽绘.-北京:人民美术出版社,1978
    57页;20cm
    
    
    ISBN :CNY1.60
    
●
相关链接 在E读中查询图书 在五车中查询图书 在当当中查询图书 在豆瓣中查询图书


正题名:伟大的无产阶级革命导师马克思和恩格斯     索取号:A712/152         预约/预借

序号 登录号 条形码 馆藏地/架位号 状态 备注
1 0471054   204710544   密集书库/ [索取号:A712/152] 在馆    
唐山师范学院图书馆 欢迎您!
大连网信软件有限公司© 版权所有